000 00326 a2200121 4500
000 nam a22 7a 4500
005 20260216104312.0
020 _a978-1-03-289346-4
100 _aAndreani, Tony
_91115999
245 _aHistorical materialism: revisiting the fundamental concepts
260 _bRoutledge
_c2026
942 _cTB
999 _c1679728
_d1679728